000
00320nam a2200121Ia 4500
008
190216s9999||||xx |||||||||||||| ||und||
100
_a
"Upadhyaya,Nath"
245
0
_a
Biophysical Chemistry Principles And Techniques
260
_b
Himalaya Publishing House
300
_a
602
650
_a
Chemistry-Chemistry
942
_c
BK
999
_c
3337
_d
3337